Movies Quiz

Random Movies or Director Quiz

Clickable Critical Thrashings Quiz Stats

 Plays Quiz Updated Apr 4, 2015

Support Sporcle.
Go Orange.
Score 0/18 Timer 08:00
2 Plays Today
% Correct
Alvin and the Chipmunks: Chipwrecked
94.2%
Battleship
73.7%
Battlefield Earth
71.2%
The Love Guru
69%
Jack and Jill
68.8%
Jersey Girl
67.2%
Cop Out
63.4%
Delta Farce
62.6%
The Fast and the Furious: Tokyo Drift
61.6%
% Correct
That's My Boy
61.5%
Zookeeper
56.1%
The Happening
54.7%
Sex and the City 2
51.1%
Swept Away
50.4%
Lady in the Water
45.7%
Speed Racer
45.1%
Cat in the Hat
39.2%
The Twilight Saga: Breaking Dawn, Part 1
38.8%

From the Vault

British TV GIFs

by knight_of_ni

A bit like channel surfing on the telly, isn't it?
Remove Ads.
Support Sporcle.
Get the best of Sporcle when you Go Orange. This ad-free experience offers more features, more stats, and more fun while also helping to support Sporcle. Thank you for becoming a member.

Show Comments

Extras

Top Quizzes Today


Score Distribution

Your Account Isn't Verified!

In order to create a playlist on Sporcle, you need to verify the email address you used during registration. Go to your Sporcle Settings to finish the process.

Report this User

Report this user for behavior that violates our Community Guidelines.

Details: